مہاتما گاندھی : (Record no. 108762)

MARC details
000 -LEADER
fixed length control field 00966nam a22002537a 4500
005 - DATE AND TIME OF LATEST TRANSACTION
control field 20170123162344.0
010 ## - LIBRARY OF CONGRESS CONTROL NUMBER
LC control number A-791285
020 ## - INTERNATIONAL STANDARD BOOK NUMBER
Terms of availability 100.00
035 ## - SYSTEM CONTROL NUMBER
System control number A-791285
037 ## - SOURCE OF ACQUISITION
Source of stock number/acquisition Cen Lib/Ret
040 ## - CATALOGING SOURCE
Original cataloging agency DPL
Language of cataloging UR
082 ## - DEWEY DECIMAL CLASSIFICATION NUMBER
Classification number 301.153
Item number گ ا ن
100 ## - MAIN ENTRY--PERSONAL NAME
Personal name پریم گوپال متل
9 (RLIN) 109085
245 ## - TITLE STATEMENT
Title مہاتما گاندھی :
Statement of responsibility, etc پریم گوپال متل
Remainder of title اہنسا کے پیامبر /
246 ## - VARYING FORM OF TITLE
Title proper/short title Mahatma Gandhi : ahinsha ke payamber /
Remainder of title by Prem Gopal Mittal
260 ## - PUBLICATION, DISTRIBUTION, ETC. (IMPRINT)
Place of publication, distribution, etc نیی دہلی
Name of publisher, distributor, etc موڈرن پبلشنگ ہاؤس
Date of publication, distribution, etc 1995
270 ## - ADDRESS
City نیی دہلی
Address ٩، گولہ مارکیٹ دریاگنج
Postal code 110002
300 ## - PHYSICAL DESCRIPTION
Extent 112p.
Dimensions 21cm(Hb)
650 ## - SUBJECT ADDED ENTRY--TOPICAL TERM
Topical term or geographic name as entry element سیاسیات
9 (RLIN) 129885
650 ## - SUBJECT ADDED ENTRY--TOPICAL TERM
Topical term or geographic name as entry element سیاسی رہنما - گاندھی - سوانح حیات
9 (RLIN) 129886
650 ## - SUBJECT ADDED ENTRY--TOPICAL TERM
Topical term or geographic name as entry element Political science
9 (RLIN) 129887
650 ## - SUBJECT ADDED ENTRY--TOPICAL TERM
Topical term or geographic name as entry element Political leader -- Gandhi -- Biography
9 (RLIN) 129888
942 ## - ADDED ENTRY ELEMENTS (KOHA)
Source of classification or shelving scheme Dewey Decimal Classification
Koha item type Urdu Bks
Classification part 301.153
Call number suffix گ ا ن
Holdings
Withdrawn status Lost status Damaged status Not for loan Home library Current library Date acquired Source of acquisition Cost, normal purchase price Total Checkouts Full call number Barcode Date last seen Copy number Cost, replacement price Price effective from Koha item type
        Central Library Central Library 03/02/2016 Cen Lib/Ret 100.00   301.153 گ ا ن A-791285 03/02/2016 1 100.00 03/02/2016 Urdu Bks

© Delhi Public Library
Hit Counter
free hit counter